000 00330nam a2200109 4500
008 180212b xxu||||| |||| 00| 0 eng d
245 _aSocial media sustains mail-order-bride industry.
260 _aPhilippines
_bThe Philippine Star
_cc2017
300 _apage B2.
650 0 _926356
_aElectronic discussion groups.
942 _2ddc
_cPER
999 _c8556
_d8556